The legacy of Persia / (Record no. 21672)

MARC details
000 -LEADER
fixed length control field 00810cam a22002891 4500
001 - CONTROL NUMBER
control field 6975699
003 - CONTROL NUMBER IDENTIFIER
control field BDDh-ASL
005 - DATE AND TIME OF LATEST TRANSACTION
control field 20231015030027.0
008 - FIXED-LENGTH DATA ELEMENTS--GENERAL INFORMATION
fixed length control field 750417s1953 enka b 001 0 eng
010 ## - LIBRARY OF CONGRESS CONTROL NUMBER
LC control number 53002314
015 ## - NATIONAL BIBLIOGRAPHY NUMBER
National bibliography number GB53-5529
035 ## - SYSTEM CONTROL NUMBER
System control number (OCoLC)1283292
040 ## - CATALOGING SOURCE
Original cataloging agency DLC
Transcribing agency OAU
Modifying agency OCoLC
-- Uk
-- DLC
-- BDDh-ASL
042 ## - AUTHENTICATION CODE
Authentication code premarc
043 ## - GEOGRAPHIC AREA CODE
Geographic area code a-ir---
050 00 - LIBRARY OF CONGRESS CALL NUMBER
Classification number DS266
Item number .A7
082 ## - DEWEY DECIMAL CLASSIFICATION NUMBER
Classification number 955
Item number ARL
100 1# - MAIN ENTRY--PERSONAL NAME
Personal name Arberry, A. J.
Fuller form of name (Arthur John),
Dates associated with a name 1905-1969,
Relator term ed.
245 14 - TITLE STATEMENT
Title The legacy of Persia /
260 ## - PUBLICATION, DISTRIBUTION, ETC.
Place of publication, distribution, etc. Oxford :
Name of publisher, distributor, etc. Clarendon Press,
Date of publication, distribution, etc. 1953.
300 ## - PHYSICAL DESCRIPTION
Extent xvi, 421 p. :
Other physical details illus.
Dimensions 19 cm.
490 0# - SERIES STATEMENT
Series statement [The Legacy series]
504 ## - BIBLIOGRAPHY, ETC. NOTE
Bibliography, etc. note Bibliography: p. [388]
651 #0 - SUBJECT ADDED ENTRY--GEOGRAPHIC NAME
Geographic name Iran
General subdivision Civilization.
906 ## - LOCAL DATA ELEMENT F, LDF (RLIN)
a 7
b cbc
c oclcrpl
d u
e ncip
f 19
g y-gencatlg
942 ## - ADDED ENTRY ELEMENTS (KOHA)
Source of classification or shelving scheme Dewey Decimal Classification
Koha item type Books
Holdings
Withdrawn status Lost status Source of classification or shelving scheme Damaged status Not for loan Collection code Home library Current library Shelving location Date acquired Source of acquisition Total Checkouts Full call number Barcode Date last seen Copy number Price effective from Koha item type Public note
    Dewey Decimal Classification     Non-fiction Asiatic Society Library Asiatic Society Library General Stacks 02/09/2021 ASB Library Collections   955 ARL 105526 02/09/2021 C-1 02/09/2021 Books RARE
    Dewey Decimal Classification     Non-fiction Asiatic Society Library Asiatic Society Library General Stacks 06/19/2021 Complimentary   955 ARL 109700 06/19/2021 C-2 06/19/2021 Books  

Powered by Koha